000 00797nam a2200193Ia 4500
008 151121s9999||||xx |||||||||||||| ||und||
082 _a781/भातखं
082 _bHNW-58468
100 _aभातखंडे विष्णू नारायण
245 _aक्रमिक पुस्तक-मालिका-5
260 _b"संगीत कार्यालय, हाथरस,उत्तरप्रदेश"
260 _c--
300 _a864
600 _aभातखंडे विष्णू नारायण
630 _aक्रमिक पुस्तक-मालिका-5
700 _aभातखंडे विष्णू नारायण
730 _aक्रमिक पुस्तक-मालिका-5
942 _cBOOK
999 _c1240293
_d1240290